CO KOJARZY NAM SIĘ Z PIELĘGNIARKĄ? - Statystyki

Ogólne statystyki
  • Ten quiz został rozwiązany 84 razy
  • Średni wynik to 3 z 7
Statystyki odpowiedzi
Odpowiedź % Poprawnych
SZPITAL
71%
ZASTRZYK
57%
FARTUCH
49%
CZEPEK
40%
LEKARZ
40%
KREW
37%
SEKS
15%
Nie znaleziono quizów pasujących do podanych kryteriów
Rozkład punktacji
Procent ludzi z każdym wynikiem
Percentyl według liczby udzielonych odpowiedzi
Twoja historia wyników
Nie rozwiązałeś tego quizu